Estadísticas para Mapa de Capitales de América del Norte

Haz click aquí para tomar la prueba!

Estadísticas generales

  • Esta prueba ha sido tomada 1.687 veces
  • La puntuación promedio es 15 de 23

Respuestas en el mapa

Las respuestas están codificadas por una escala verde-roja en el mapa de la prueba según el % correcto abajo.
 

Estadísticas de respuestas

Respuesta% Correcto
Ciudad de México
97%
Washington D.C.
97%
Ottawa
94%
Ciudad de Panamá
89%
La Habana
87%
San Salvador
82%
Ciudad de Guatemala
80%
Santo Domingo
76%
San José
75%
Tegucigalpa
73%
Belmopán
72%
Managua
72%
Puerto Príncipe
69%
Nasáu
66%
Kingston
65%
Puerto España
63%
Bridgetown
43%
Saint George
40%
Roseau
38%
Saint John's
38%
Castries
36%
Basseterre
34%
Kingstown
34%

Distribución de puntuación

Porcentaje por número respondido

Porcentaje de gente con cada puntuación

Historial de tus puntuaciones

No has tomado esta prueba